|
|
|
|
| LEADER |
00974pam a22002538a 4500 |
| 001 |
00023499 |
| 005 |
20171026081023.0 |
| 008 |
110624s1979 ||||||Viesd |
| 041 |
0 |
# |
|a Vie
|
| 082 |
1 |
# |
|a 515
|b T406H
|
| 100 |
0 |
# |
|a Zenđôvich, Ia.B
|
| 245 |
0 |
0 |
|a Toán học cao cấp
|b Cho người mới bắt đầu và ứng dụng vào vật lý
|c Ia.B.Zenđôvich, Hoàng Quý
|n T.1
|
| 260 |
# |
# |
|a H.
|b Giáo dục
|c 1979
|
| 300 |
# |
# |
|a 284tr.
|c 19 cm.
|
| 500 |
# |
# |
|a Sách đại học sư phạm
|
| 653 |
# |
# |
|a Toán cao cấp
|
| 700 |
0 |
# |
|a Hoàng Quý
|e Dịch
|
| 852 |
# |
# |
|b Kho giáo trình
|j KGT.0004226, KGT.0004227, KGT.0004228, KGT.0004229, KGT.0004230, KGT.0004231, KGT.0004232, KGT.0004233
|
| 852 |
# |
# |
|b Kho mượn
|j KGT.0004226
|
| 852 |
# |
# |
|j KGT.0004227
|j KGT.0004228
|j KGT.0004226
|j KGT.0053968
|
| 910 |
# |
# |
|d 24/06/2011
|
| 980 |
# |
# |
|a Trung tâm Học liệu Lê Vũ Hùng, Trường Đại học Đồng Tháp
|